01690agaaa2200289 45000010005000000030009000050050017000140070009000310080040000400400023000800410013001031000052001161300043001682400031002112450239002422460024004812500022005052600096005273000033006235080074006565200468007305380016011985460013012146500056012277000064012837000053013474690IT-RoPAU20220918181248.0d cvaizq50131s9999||||xx ||| | || ||und|| aIT-RoPAUcIT-RoPAU aITALIANO aGuerrero CristobalgCodice regista SPICS: 57758 aMADRE TERESA LE CINQUE PAROLE DI GESU' aQUINTA PALABRA (LA)gT3419 aMADRE TERESA LE CINQUE PAROLE DI GESU'cProdotto da: Bonel Ramon Bugalla -- Sceneggiatura: Guerrero Cristobal Navarro Pau -- Diretto da: Guerrero CristobalpMADRE TERESA LE CINQUE PAROLE DI GESU' (Rif. Codice opera principale : H4690) aQUINTA PALABRA (LA) aEdizione Standard a(SPAGNA)bPASOLATO ORIGINAL MEDIA FILMS / g"2003 (1° ed.: 2004 ; Ed. Lingua Orig.: n.d.)" aVHSbsonoro, col.c25 minuti a"Musica: Rubio Ivan; Sceneggiatura: Guerrero Cristobal Navarro Pau; " a"QUESTO SLPENDIDO E ORIGINALE CARTONE ANIMATO RACCONTA LA VITA DELLA BEATA MADRE TERESA, DIVENTATA FAMOSA IN TUTTO IL MONDO PER IL SUO AMORE PER I PIU' POVERI TRA I POVERI. E' LA STESSA MADRE TERESA CHE SI RACCONTA, COME SE PARLASSE DIRETTAMENTE AI PIU' PICCOLI, AI QUALI FA CONOSCERE LA SUA SCELTA DI AMARE GESU' E DEDICARE TUTTA LA SUA ESISTENZA PER TUTTI QUELLI CHE SOFFRONO. LE CINQUE PAROLE DI GESU', CHE MADRE TERESA RICORDA SONO: ""LO AVRETE FATTO A ME""." aPAL, STEREO aITALIANO aANIMAZIONEeFILMS [VHS]xCodice MATERIA SPICS: 9960 aGuerrero Cristobal e(regista)gCodice regista SPICS: 57758 aRubio Ivane(musica)gCodice Musica SPICS: 57759